000 00584nam a2200181Ia 4500
008 151202s9999||||xx |||||||||||||| ||und||
082 _bPNVM-38437
100 _aभुर्के श्याम.
245 _aअर्थमैत्री.
260 _b"इनामदार बुं प्रकाशन,पुणे."
260 _c0
300 _a176
600 _aभुर्के श्याम.
630 _aअर्थमैत्री.
700 _aभुर्के श्याम.
730 _aअर्थमैत्री.
942 _cBOOK
999 _c1304389
_d1304386